<?xml version="1.0" encoding="UTF-8"?>
<record
    xmlns:xsi="http://www.w3.org/2001/XMLSchema-instance"
    xsi:schemaLocation="http://www.loc.gov/MARC21/slim http://www.loc.gov/standards/marcxml/schema/MARC21slim.xsd"
    xmlns="http://www.loc.gov/MARC21/slim">

  <leader>01890cam a22003371i 4500</leader>
  <controlfield tag="003">SA_RiAUC</controlfield>
  <controlfield tag="005">20241214085454.0</controlfield>
  <controlfield tag="008">241214s2010____su     g      000 0 ara c</controlfield>
  <datafield tag="040" ind1=" " ind2=" ">
    <subfield code="a">OM-MuMAM</subfield>
    <subfield code="b">ara</subfield>
    <subfield code="c">SA-RiAUC</subfield>
    <subfield code="e">rda</subfield>
  </datafield>
  <datafield tag="082" ind1="0" ind2="4">
    <subfield code="a">237.3</subfield>
    <subfield code="q">SA-RiAUC</subfield>
  </datafield>
  <datafield tag="090" ind1=" " ind2=" ">
    <subfield code="a">237.3</subfield>
    <subfield code="b">&#x633; &#x639; &#x62F;</subfield>
  </datafield>
  <datafield tag="100" ind1="1" ind2=" ">
    <subfield code="a">&#x627;&#x644;&#x633;&#x639;&#x62F;&#x64A;&#x60C; &#x639;&#x628;&#x62F; &#x627;&#x644;&#x631;&#x62D;&#x645;&#x646; &#x628;&#x646; &#x646;&#x627;&#x635;&#x631; &#x628;&#x646; &#x639;&#x628;&#x62F; &#x627;&#x644;&#x644;&#x647;&#x60C;</subfield>
    <subfield code="d">1307-1376 &#x647;&#x62C;&#x631;&#x64A;</subfield>
    <subfield code="e">&#x645;&#x624;&#x644;&#x641;.</subfield>
  </datafield>
  <datafield tag="245" ind1="1" ind2="2">
    <subfield code="a">&#x627;&#x644;&#x62A;&#x639;&#x644;&#x64A;&#x642;&#x627;&#x62A; &#x639;&#x644;&#x649; &#x639;&#x645;&#x62F;&#x629; &#x627;&#x644;&#x623;&#x62D;&#x643;&#x627;&#x645; /</subfield>
    <subfield code="c">&#x639;&#x628;&#x62F; &#x627;&#x644;&#x631;&#x62D;&#x645;&#x646; &#x628;&#x646; &#x646;&#x627;&#x635;&#x631; &#x627;&#x644;&#x633;&#x639;&#x62F;&#x64A; &#x61B; &#x62C;&#x645;&#x639;&#x647;&#x627; &#x648;&#x644;&#x62E;&#x635;&#x647;&#x627; &#x639;&#x628;&#x62F; &#x627;&#x644;&#x644;&#x647; &#x628;&#x646; &#x645;&#x62D;&#x645;&#x62F; &#x627;&#x644;&#x639;&#x648;&#x647;&#x644;&#x64A; &#x61B; &#x62A;&#x62D;&#x642;&#x64A;&#x642; &#x639;&#x628;&#x62F; &#x627;&#x644;&#x631;&#x62D;&#x645;&#x646; &#x628;&#x646; &#x633;&#x627;&#x644;&#x645; &#x627;&#x644;&#x623;&#x647;&#x62F;&#x644; &#x61B; &#x645;&#x631;&#x627;&#x62C;&#x639;&#x629; &#x645;&#x62D;&#x645;&#x62F; &#x628;&#x646; &#x633;&#x644;&#x64A;&#x645;&#x627;&#x646; &#x627;&#x644;&#x628;&#x633;&#x627;&#x645;.</subfield>
  </datafield>
  <datafield tag="250" ind1=" " ind2=" ">
    <subfield code="a">&#x627;&#x644;&#x637;&#x628;&#x639;&#x629; &#x627;&#x644;&#x62B;&#x627;&#x644;&#x62B;&#x629;.</subfield>
  </datafield>
  <datafield tag="264" ind1=" " ind2="1">
    <subfield code="a">&#x645;&#x643;&#x629; &#x627;&#x644;&#x645;&#x643;&#x631;&#x645;&#x629; :</subfield>
    <subfield code="b">&#x62F;&#x627;&#x631; &#x639;&#x627;&#x644;&#x645; &#x627;&#x644;&#x641;&#x648;&#x627;&#x626;&#x62F; &#x644;&#x644;&#x646;&#x634;&#x631;&#x60C;</subfield>
    <subfield code="c">2010</subfield>
  </datafield>
  <datafield tag="300" ind1=" " ind2=" ">
    <subfield code="a">808 &#x635;&#x641;&#x62D;&#x629; &#x61B;</subfield>
    <subfield code="c">24 &#x633;&#x645;</subfield>
  </datafield>
  <datafield tag="336" ind1=" " ind2=" ">
    <subfield code="a">&#x646;&#x635;</subfield>
    <subfield code="b">txt</subfield>
    <subfield code="2">rdacontent</subfield>
    <subfield code="3">&#x643;&#x62A;&#x627;&#x628;</subfield>
  </datafield>
  <datafield tag="337" ind1=" " ind2=" ">
    <subfield code="a">&#x628;&#x62F;&#x648;&#x646; &#x648;&#x633;&#x64A;&#x637;</subfield>
    <subfield code="b">n</subfield>
    <subfield code="2">rdamedia</subfield>
  </datafield>
  <datafield tag="338" ind1=" " ind2=" ">
    <subfield code="a">&#x645;&#x62C;&#x644;&#x62F;</subfield>
    <subfield code="b">nc</subfield>
    <subfield code="2">rdacarrier</subfield>
  </datafield>
  <datafield tag="500" ind1=" " ind2=" ">
    <subfield code="a">&#x627;&#x647;&#x62F;&#x627;&#x621; &#x645;&#x646; &#x627;&#x644;&#x62F;&#x643;&#x62A;&#x648;&#x631; &#x645;&#x646;&#x635;&#x648;&#x631; &#x628;&#x646; &#x645;&#x62D;&#x645;&#x62F; &#x627;&#x644;&#x628;&#x633;&#x627;&#x645; &#x628;&#x62A;&#x627;&#x631;&#x64A;&#x62E; 12 /9/1431 &#x647;&#x640;</subfield>
  </datafield>
  <datafield tag="650" ind1=" " ind2="7">
    <subfield code="a">&#x627;&#x644;&#x62D;&#x62F;&#x64A;&#x62B;</subfield>
    <subfield code="x">&#x634;&#x631;&#x62D;</subfield>
    <subfield code="2">aucsh</subfield>
  </datafield>
  <datafield tag="650" ind1=" " ind2="7">
    <subfield code="a">&#x627;&#x644;&#x62D;&#x62F;&#x64A;&#x62B;</subfield>
    <subfield code="x">&#x623;&#x62D;&#x643;&#x627;&#x645;</subfield>
    <subfield code="2">aucsh</subfield>
  </datafield>
  <datafield tag="650" ind1=" " ind2="7">
    <subfield code="a">&#x627;&#x644;&#x62D;&#x62F;&#x64A;&#x62B;</subfield>
    <subfield code="x">&#x62C;&#x648;&#x627;&#x645;&#x639; &#x627;&#x644;&#x641;&#x646;&#x648;&#x646;</subfield>
    <subfield code="2">aucsh</subfield>
  </datafield>
  <datafield tag="700" ind1="1" ind2=" ">
    <subfield code="a">&#x627;&#x644;&#x639;&#x648;&#x647;&#x644;&#x64A;&#x60C; &#x639;&#x628;&#x62F; &#x627;&#x644;&#x644;&#x647; &#x628;&#x646; &#x645;&#x62D;&#x645;&#x62F; &#x628;&#x646; &#x646;&#x627;&#x635;&#x631;</subfield>
    <subfield code="e">&#x62C;&#x627;&#x645;&#x639;.</subfield>
  </datafield>
  <datafield tag="700" ind1="1" ind2=" ">
    <subfield code="a">&#x627;&#x644;&#x623;&#x647;&#x62F;&#x644;&#x60C; &#x639;&#x628;&#x62F; &#x627;&#x644;&#x631;&#x62D;&#x645;&#x646; &#x628;&#x646; &#x633;&#x627;&#x644;&#x645;</subfield>
    <subfield code="e">&#x645;&#x62D;&#x642;&#x642;.</subfield>
  </datafield>
  <datafield tag="700" ind1="1" ind2=" ">
    <subfield code="a">&#x627;&#x644;&#x628;&#x633;&#x627;&#x645;&#x60C; &#x645;&#x62D;&#x645;&#x62F; &#x627;&#x644;&#x633;&#x644;&#x64A;&#x645;&#x627;&#x646;&#x60C;</subfield>
    <subfield code="d">1334-1431 &#x647;&#x62C;&#x631;&#x64A;</subfield>
    <subfield code="e">&#x645;&#x631;&#x627;&#x62C;&#x639;.</subfield>
  </datafield>
  <datafield tag="700" ind1="1" ind2="2">
    <subfield code="a">&#x627;&#x644;&#x62C;&#x645;&#x627;&#x639;&#x64A;&#x644;&#x64A;&#x60C; &#x639;&#x628;&#x62F; &#x627;&#x644;&#x63A;&#x646;&#x64A; &#x628;&#x646; &#x639;&#x628;&#x62F; &#x627;&#x644;&#x648;&#x627;&#x62D;&#x62F; &#x628;&#x646; &#x639;&#x644;&#x64A;&#x60C;</subfield>
    <subfield code="d">541-600 &#x647;&#x62C;&#x631;&#x64A;.</subfield>
    <subfield code="t">&#x639;&#x645;&#x62F;&#x629; &#x627;&#x644;&#x623;&#x62D;&#x643;&#x627;&#x645; &#x645;&#x646; &#x643;&#x644;&#x627;&#x645; &#x62E;&#x64A;&#x631; &#x627;&#x644;&#x623;&#x646;&#x627;&#x645;</subfield>
  </datafield>
  <datafield tag="740" ind1="0" ind2="2">
    <subfield code="a">&#x639;&#x645;&#x62F;&#x629; &#x627;&#x644;&#x623;&#x62D;&#x643;&#x627;&#x645; &#x645;&#x646; &#x643;&#x644;&#x627;&#x645; &#x62E;&#x64A;&#x631; &#x627;&#x644;&#x623;&#x646;&#x627;&#x645; &#x635;&#x644;&#x649; &#x627;&#x644;&#x644;&#x647; &#x639;&#x644;&#x64A;&#x647; &#x648;&#x633;&#x644;&#x645;.</subfield>
  </datafield>
  <datafield tag="942" ind1=" " ind2=" ">
    <subfield code="2">ddc</subfield>
    <subfield code="c">BOOK</subfield>
    <subfield code="n">0</subfield>
  </datafield>
  <datafield tag="949" ind1=" " ind2=" ">
    <subfield code="a">SA-JeALM</subfield>
    <subfield code="d">241214</subfield>
    <subfield code="u">mohamedma123</subfield>
    <subfield code="n">1</subfield>
  </datafield>
  <datafield tag="952" ind1=" " ind2=" ">
    <subfield code="0">0</subfield>
    <subfield code="1">0</subfield>
    <subfield code="2">ddc</subfield>
    <subfield code="4">0</subfield>
    <subfield code="7">0</subfield>
    <subfield code="8">gift</subfield>
    <subfield code="a">WAHAB</subfield>
    <subfield code="b">WAHAB</subfield>
    <subfield code="d">2024-12-14</subfield>
    <subfield code="l">0</subfield>
    <subfield code="o">237.3 &#x633; &#x639; &#x62F;</subfield>
    <subfield code="p">000005128</subfield>
    <subfield code="r">2024-12-14 08:55:45</subfield>
    <subfield code="w">2024-12-14</subfield>
    <subfield code="y">BOOK</subfield>
  </datafield>
  <datafield tag="999" ind1=" " ind2=" ">
    <subfield code="c">3488</subfield>
    <subfield code="d">3488</subfield>
  </datafield>
</record>
